00636nam a2200181Ia 4500003000900000008004100009040001600050080001500066110004100081245010500122260003100227300000900258650003100267650002100298942000700319999001500326952011300341IN-BaIIA211028s9999 xx 000 0 eng d cIIA Library a331.2bSIT aIndia .C Sitaraman and Company98319 4aThe Additional emoluments (Compulsory Deposit) Act, 1974 with notificationcC Sitaraman and Company  aMadrasbC. Sitaramanc1974 a27p. a Pay and Emoluments98320 aNASA Thesaurus  cBK c4695d4695 00104070aBANbBANcGENd1975-04-02g2.50l0o331.2/ SITp5247r2021-11-05v2.50w1975-04-02yBKGRs. 2.50